MARC details
| 000 -LEADER |
| campo de control de longitud fija |
01975nam a2200517 i 4500 |
| 001 - NÚMERO DE CONTROL |
| campo de control |
9917819229504201 |
| 003 - IDENTIFICADOR DE NÚMERO DE CONTROL |
| campo de control |
BJBSDDR |
| 005 - FECHA Y HORA DE LA ÚLTIMA TRANSACCIÓN |
| campo de control |
20230805181421.0 |
| 006 - CÓDIGOS DE INFORMACIÓN DE LONGITUD FIJA--CARACTERÍSTICAS DEL MATERIAL ADICIONAL |
| campo de control de longitud fija |
a|||||r|||| 00| 0 |
| 007 - CAMPO FIJO DE DESCRIPCIÓN FÍSICA--INFORMACIÓN GENERAL |
| campo de control de longitud fija |
ta |
| 008 - DATOS DE LONGITUD FIJA--INFORMACIÓN GENERAL |
| campo de control de longitud fija |
161109s2011 mx ob 001 0 spa d |
| 020 ## - NÚMERO INTERNACIONAL ESTÁNDAR DEL LIBRO |
| Número Internacional Estándar del Libro |
9786071606662 |
| 020 ## - NÚMERO INTERNACIONAL ESTÁNDAR DEL LIBRO |
| Número Internacional Estándar del Libro |
6071606667 |
| 035 ## - NÚMERO DE CONTROL DEL SISTEMA |
| Número de control de sistema |
(CKB)4330000000046601 |
| 035 ## - NÚMERO DE CONTROL DEL SISTEMA |
| Número de control de sistema |
(MiAaPQ)EBC4559407 |
| 035 ## - NÚMERO DE CONTROL DEL SISTEMA |
| Número de control de sistema |
(OCoLC)984775948 |
| 035 ## - NÚMERO DE CONTROL DEL SISTEMA |
| Número de control de sistema |
(FINmELB)ELB110716 |
| 035 ## - NÚMERO DE CONTROL DEL SISTEMA |
| Número de control de sistema |
(EXLCZ)994330000000046601 |
| 040 ## - FUENTE DE CATALOGACIÓN |
| Centro catalogador/agencia de origen |
FINmELB |
| Lengua de catalogación |
spa |
| Normas de descripción |
rda |
| Centro/agencia transcriptor |
FINmELB |
| 041 ## - CÓDIGO DE IDIOMA |
| Código de lengua del texto/banda sonora o título independiente |
spa |
| Código de lengua original |
eng |
| 050 14 - SIGNATURA TOPOGRÁFICA DE LA BIBLIOTECA DEL CONGRESO |
| Número de clasificación |
HB 3722 |
| Número de ítem |
R371e 2011 |
| 082 00 - NÚMERO DE LA CLASIFICACIÓN DECIMAL DEWEY |
| Número de clasificación |
338.542 |
| 100 1# - ENTRADA PRINCIPAL--NOMBRE DE PERSONA |
| Nombre de persona |
Reinhart, Carmen M., |
| 9 (RLIN) |
23255 |
| Fechas asociadas al nombre |
1955- |
| 240 10 - TÍTULO UNIFORME |
| Título uniforme |
This time is different. |
| Lenguaje de la obra |
Español |
| 245 10 - MENCIÓN DEL TÍTULO |
| Título |
Esta vez es distinto : |
| Resto del título |
ocho siglos de necedad financiera / |
| Mención de responsabilidad, etc. |
Carmen M. Reinhart, Kennth S. Rogoff. |
| 264 #1 - PRODUCCIÓN, PUBLICACIÓN, DISTRIBUCIÓN, FABRICACIÓN Y COPYRIGHT |
| Producción, publicación, distribución, fabricación y copyright |
México D.F. : |
| Nombre del de productor, editor, distribuidor, fabricante |
Fondo de Cultura Económica (FCE), |
| Fecha de producción, publicación, distribución, fabricación o copyright |
2011. |
| 300 ## - DESCRIPCIÓN FÍSICA |
| Extensión |
470 páginas : |
| Otras características físicas |
ilustraciones, gráficos, tablas ; |
| Dimensiones |
23 cm. |
| 336 ## - TIPO DE CONTENIDO |
| Término de tipo de contenido |
text |
| Fuente |
rdacontent |
| 337 ## - TIPO DE MEDIO |
| Nombre/término del tipo de medio |
computer |
| Fuente |
rdamedia |
| 338 ## - TIPO DE SOPORTE |
| Nombre/término del tipo de soporte |
online resource |
| Fuente |
rdacarrier |
| 490 1# - MENCIÓN DE SERIE |
| Mención de serie |
Economía |
| 500 ## - NOTA GENERAL |
| Nota general |
Título original: This time is different : eight centuries of financial folly |
| 504 ## - NOTA DE BIBLIOGRAFÍA, ETC. |
| Nota de bibliografía, etc. |
Contiene bibliografía. |
| 588 ## - NOTA DE FUENTE DE LA DESCRIPCIÓN |
| Nota de fuente de la descripción |
Description based on online resource; title from PDF title page (ebrary, viewed November 9, 2016). |
| 590 ## - NOTA LOCAL (RLIN) |
| Nota local |
Recurso electrónico. Santa Fe, Arg.: elibro, 2020. Disponible vía World Wide Web. El acceso puede estar limitado para las bibliotecas afiliadas a elibro. |
| 650 #4 - PUNTO DE ACCESO ADICIONAL DE MATERIA--TÉRMINO DE MATERIA |
| Término de materia o nombre geográfico como elemento de entrada |
Crisis financiera |
| 9 (RLIN) |
1793 |
| Subdivisión de forma |
Estudio de casos |
| 650 #4 - PUNTO DE ACCESO ADICIONAL DE MATERIA--TÉRMINO DE MATERIA |
| Término de materia o nombre geográfico como elemento de entrada |
Ciclos económicos |
| 9 (RLIN) |
4774 |
| Subdivisión de forma |
Estudio de casos |
| 650 #4 - PUNTO DE ACCESO ADICIONAL DE MATERIA--TÉRMINO DE MATERIA |
| Término de materia o nombre geográfico como elemento de entrada |
Política fiscal |
| 9 (RLIN) |
829 |
| Subdivisión de forma |
Estudio de casos |
| 655 #4 - TERMINO DE INDIZACIÓN--GENERO/FORMA |
| Datos o término principal de género/forma |
Libros electronicos. |
| 700 1# - ENTRADA AGREGADA--NOMBRE PERSONAL |
| Nombre de persona |
Rogoff, Kenneth S. |
| Forma completa/desarrollada del nombre |
(Kenneth Saul "Ken"), |
| 9 (RLIN) |
28530 |
| Fechas asociadas al nombre |
1953- |
| 776 ## - ENTRADA DE FORMULARIO FÍSICO ADICIONAL |
| Número Internacional Estándar del Libro |
607-16-0666-7 |
| 797 2# - PUNTO DE ACCESO ADICIONAL LOCAL--NOMBRE DE ENTIDAD CORPORATIVA (RLIN) |
| Nombre de entidad corporativa o nombre de jurisdicción como elemento de entrada |
e-libro, Corp. |
| 830 #0 - PUNTO DE ACCESO ADICIONAL DE SERIE-TÍTULO UNIFORME |
| Título uniforme |
Sección de obras de economía |
| 9 (RLIN) |
253 |
| 906 ## - ELEMENTOS DE DATOS F LOCAL, LDF (RLIN) |
| a |
BOOK |
| 942 ## - ELEMENTOS DE ENTRADA SECUNDARIOS (KOHA) |
| Fuente del sistema de clasificación o colocación |
Clasificación de Library of Congress |
| Tipo de ítem Koha |
Libro |